Manual de heráldica española / (Record no. 118340)

MARC details
000 -LEADER
campo de control de longitud fija 00779nam a2200205 i 4500
001 - NÚMERO DE CONTROL
campo de control 118340
003 - IDENTIFICADOR DE NÚMERO DE CONTROL
campo de control ES-MaACL
005 - FECHA Y HORA DE LA ÚLTIMA TRANSACCIÓN
campo de control 20251001141055.0
007 - CAMPO FIJO DE DESCRIPCIÓN FÍSICA--INFORMACIÓN GENERAL
campo de control de longitud fija t|
008 - DATOS DE LONGITUD FIJA--INFORMACIÓN GENERAL
campo de control de longitud fija 070214s1987 sp r ||||1| spa d
100 1# - ENTRADA PRINCIPAL--NOMBRE DE PERSONA
Nombre de persona Pardo de Guevara y Valdés, Eduardo.
9 (RLIN) 88994
245 10 - MENCIÓN DEL TÍTULO
Título Manual de heráldica española /
Mención de responsabilidad, etc. Eduardo Pardo de Guevara y Valdés ; ilustraciones, Eduardo Pardo de Guevara y Valdés y Jaime Bugallal y Vela ; prólogo, Faustino Menéndez Pidal.
260 ## - PUBLICACIÓN, DISTRIBUCIÓN, ETC.
Lugar de publicación, distribución, etc. Madrid :
Nombre del editor, distribuidor, etc. Aldaba,
Fecha de publicación, distribución, etc. 1987.
300 ## - DESCRIPCIÓN FÍSICA
Extensión 127 p. :
Otras características físicas principalmente il. ;
Dimensiones 25 cm.
650 04 - PUNTO DE ACCESO ADICIONAL DE MATERIA--TÉRMINO DE MATERIA
Término de materia o nombre geográfico como elemento de entrada Heráldica-
Subdivisión geográfica España.
9 (RLIN) 13317
700 1# - ENTRADA AGREGADA--NOMBRE PERSONAL
Nombre de persona Bugallal y Vela, Jaime.
9 (RLIN) 32443
700 1# - ENTRADA AGREGADA--NOMBRE PERSONAL
Nombre de persona Menéndez Pidal, Faustino,
Fechas asociadas al nombre 1924-
9 (RLIN) 80311
852 ## - LOCALIZACIÓN
Ubicación ES-MaACL
Número de control de estantería G-1538
Sublocalización o colección R.114525
Holdings
Estatus retirado Estado de pérdida Estado de daño No para préstamo Biblioteca de origen Biblioteca actual Ubicación en estantería Fecha de adquisición Fuente de adquisición Total de préstamos Signatura topográfica completa Código de barras Visto por última vez Precio de reemplazo Tipo de ítem Koha
        Biblioteca del Ateneo de Madrid Biblioteca del Ateneo de Madrid Depósito 2 17/01/2008     G-1538 1123370 23/02/2023 23/02/2023 Libro impreso